20 Random English Counties - Statistics

General Stats
  • This quiz has been taken 56 times
  • The average score is 15 of 20
Answers on the Map
Answers color-coded by a green-red scale on the quiz's map according to % correct below.
 
Answer Stats
Answer % Correct
Northumberland
95%
Greater Manchester
92%
Devon
90%
Isle of Wight
89%
Cornwall
87%
Greater London
87%
Norfolk
87%
West Sussex
87%
Lincolnshire
86%
Suffolk
84%
North Yorkshire
83%
Rutland
83%
Cumbria
82%
Nottinghamshire
81%
Somerset
80%
Dorset
79%
Essex
78%
Lancashire
78%
Durham
77%
Gloucestershire
77%
Tyne and Wear
77%
South Yorkshire
76%
City of Bristol
75%
Merseyside
75%
Surrey
75%
Cheshire
74%
Hampshire
74%
Wiltshire
74%
Berkshire
73%
Kent
73%
Warwickshire
73%
Oxfordshire
71%
Cambridgeshire
70%
Buckinghamshire
68%
East Sussex
67%
Shropshire
67%
Derbyshire
65%
Herefordshire
64%
East Riding of Yorkshire
63%
Northamptonshire
63%
West Midlands
62%
West Yorkshire
62%
Bedfordshire
61%
Staffordshire
57%
Leicestershire
56%
Worcestershire
53%
Hertfordshire
39%
No matching quizzes found
Score Distribution
Percent of People with Each Score
Percentile by Number Answered
Your Score History
You have not taken this quiz